[Event "Alegre op"]
[Site "Alegre"]
[Date "2024.03.10"]
[Round "5"]
[White "Kortmann, Pedro Reck"]
[Black "Boabaid, Jorge Alberto Duard"]
[Result "0-1"]
[WhiteElo "1484"]
[BlackElo "1886"]
[PlyCount "20"]
[EventDate "2024.03.08"]
[EventType "swiss"]
[EventRounds "5"]
[EventCountry "BRA"]
[SourceTitle "CB12_2024"]
[SourceDate "2023.10.01"]
[SourceVersion "1"]
[SourceVersionDate "2023.10.01"]
[SourceQuality "1"]

1. e4 c5 2. Nc3 Nc6 3. f4 e5 4. fxe5 Nxe5 5. Nf3 Bd6 6. d4 Nxf3+ 7. gxf3 Qh4+ 8. Ke2 b6 9. dxc5 Ba6+ 10. Kd2 Bf4# 0-1

[Event "Joao Pessoa de Assis Memorial 3rd"]
[Site "Joao Pessoa"]
[Date "2023.10.22"]
[Round "6"]
[White "Roselli, Danilo Palomares"]
[Black "Boabaid, Jorge Alberto Duard"]
[Result "1/2-1/2"]
[WhiteElo "1887"]
[BlackElo "1763"]
[PlyCount "51"]
[EventDate "2023.10.20"]
[EventType "swiss"]
[EventRounds "6"]
[EventCountry "BRA"]
[SourceTitle "Mega2024 Update 01"]
[Source "Chessbase"]
[SourceDate "2023.11.12"]
[SourceVersion "1"]
[SourceVersionDate "2023.11.12"]
[SourceQuality "1"]

1. b3 c5 2. Bb2 Nc6 3. Nf3 d5 4. e3 e6 5. Bb5 Bd7 6. 0-0 Nf6 7. d3 Be7 8. Nbd2 0-0 9. Bxc6 Bxc6 10. Ne5 Be8 11. f4 Nd7 12. Qg4 f5 13. Qe2 Nxe5 14. Bxe5 Bf6 15. d4 Bxe5 16. dxe5 b5 17. c3 Qb6 18. Kh1 Rd8 19. b4 cxb4 20. cxb4 d4 21. Nb3 d3 22. Qd2 Bc6 23. Nc5 Be4 24. h3 Bd5 25. Kh2 a5 26. a3 1/2-1/2

[Event "Florianopolis op-A"]
[Site "Florianopolis"]
[Date "2023.09.23"]
[Round "3"]
[White "Boabaid, Jorge Alberto Duard"]
[Black "Spritzer, Abrao Rafael"]
[Result "0-1"]
[WhiteElo "1771"]
[BlackElo "1884"]
[PlyCount "73"]
[EventDate "2023.09.22"]
[EventType "swiss"]
[EventRounds "6"]
[EventCountry "BRA"]
[SourceTitle "EXT 2024"]
[Source "ChessBase"]
[SourceDate "2023.10.10"]
[SourceVersion "1"]
[SourceVersionDate "2023.10.10"]
[SourceQuality "1"]

1. d4 Nf6 2. c4 g6 3. Nc3 d5 4. Nf3 Bg7 5. e3 0-0 6. Be2 c5 7. 0-0 cxd4 8. exd4 Nc6 9. b3 Bg4 10. Bb2 dxc4 11. d5 Bxf3 12. Bxf3 Ne5 13. Be2 cxb3 14. Qxb3 Ned7 15. Ba3 Nb6 16. Rad1 Re8 17. Rfe1 Rc8 18. Bb5 Nfd7 19. Ne4 Qc7 20. d6 exd6 21. Nxd6 Rxe1+ 22. Rxe1 Rf8 23. Nxf7 Rxf7 24. Re8+ Nf8 25. Re7 Qf4 26. Bc5 Nfd7 27. Be3 Qf6 28. Re8+ Bf8 29. h3 Kg7 30. Qc2 Re7 31. Rxe7+ Bxe7 32. Qd2 Bd6 33. g3 Nc5 34. Bh6+ Kg8 35. Qe3 Qf3 36. Qc1 Qd5 37. a4 0-1

[Event "Caioba op 7th"]
[Site "Caioba"]
[Date "2023.06.22"]
[Round "6"]
[White "Boabaid, Jorge Alberto Duard"]
[Black "Miranda, Catarina Oliveira"]
[Result "0-1"]
[WhiteElo "1807"]
[BlackElo "1608"]
[PlyCount "142"]
[EventDate "2023.06.18"]
[EventType "swiss"]
[EventRounds "9"]
[EventCountry "BRA"]
[SourceTitle "CBM 214 Extra"]
[Source "ChessBase"]
[SourceDate "2023.07.31"]
[SourceVersion "1"]
[SourceVersionDate "2023.07.31"]
[SourceQuality "1"]

1. e4 c5 2. Nf3 e6 3. b4 Nf6 4. e5 Nd5 5. bxc5 Bxc5 6. Bc4 Nb6 7. Be2 d6 8. d4 Bb4+ 9. c3 Ba5 10. exd6 Qxd6 11. 0-0 N8d7 12. Bb5 a6 13. Ba3 Qc7 14. Bxd7+ Nxd7 15. Qd3 b5 16. Rc1 Bb7 17. Nbd2 Rc8 18. Nb3 Bxc3 19. Rab1 Nf6 20. Ne5 Be4 21. Qg3 g6 22. Bb4 Bxb1 23. Rxc3 Qd8 24. Ba5 Rxc3 25. Qxc3 Qa8 26. Bb4 Nd5 27. Qf3 Qb7 28. Na5 Qc7 29. Bc5 f6 30. Nec6 Qf4 31. Qxf4 Nxf4 32. a3 Kd7 33. Nb4 Nd3 34. Nb3 Nxb4 35. axb4 Kc6 36. f3 Kd5 37. Kf2 e5 38. dxe5 fxe5 39. Ke3 Ba2 40. Na5 Rc8 41. Nb7 Rxc5 42. Nxc5 a5 43. Nd3 a4 44. Kd2 Bc4 45. Ne1 Bf1 46. Kc3 h5 47. h4 e4 48. g3 exf3 49. Nxf3 Bc4 50. Ng5 a3 51. Nf3 a2 52. Kb2 Ke4 53. Nd2+ Kd3 54. Nf3 Ke2 55. Ne5 Bd5 56. Nxg6 Kf3 57. Nf4 Bf7 58. Nd3 Kxg3 59. Ne5 Bd5 60. Ng6 Be4 61. Ne5 Kxh4 62. Kxa2 Kg3 63. Nf7 h4 64. Ng5 Bd3 65. Kb2 h3 66. Nxh3 Kxh3 67. Kc3 Bc4 68. Kd2 Kg3 69. Ke3 Bf1 70. Kd2 Kf3 71. Kc3 Ke3 0-1

[Event "Florianopolis op 9th"]
[Site "Florianopolis"]
[Date "2023.01.26"]
[Round "6"]
[White "Boabaid, Jorge Alberto Duard"]
[Black "Dominguez, Facundo"]
[Result "0-1"]
[WhiteElo "1822"]
[BlackElo "2132"]
[PlyCount "48"]
[EventDate "2023.01.23"]
[EventType "swiss"]
[EventRounds "10"]
[EventCountry "BRA"]
[SourceTitle "CBM 212 Extra"]
[Source "ChessBase"]
[SourceDate "2023.03.31"]
[SourceVersion "1"]
[SourceVersionDate "2023.03.31"]
[SourceQuality "1"]

1. d4 Nf6 2. c4 c5 3. e3 cxd4 4. exd4 d5 5. Nc3 e6 6. Nf3 Be7 7. b3 0-0 8. Bd3 b6 9. 0-0 Bb7 10. Ne5 dxc4 11. bxc4 Nc6 12. Be3 Nxe5 13. dxe5 Nd7 14. Qc2 g6 15. Bh6 Re8 16. Rad1 Qc7 17. Rfe1 Nxe5 18. Bf4 Nf3+ 19. gxf3 Qxf4 20. Be4 Bxe4 21. fxe4 Bd6 22. f3 Rad8 23. Qg2 Bb4 24. Qb2 Rxd1 0-1

[Event "Matinhos op 6th"]
[Site "Matinhos"]
[Date "2022.09.20"]
[Round "3.9"]
[White "Santiago, Yago de Moura"]
[Black "Boabaid, Jorge Alberto Duard"]
[Result "1-0"]
[WhiteElo "2448"]
[BlackElo "1780"]
[PlyCount "97"]
[EventDate "2022.09.18"]
[EventType "swiss"]
[EventRounds "7"]
[EventCountry "BRA"]
[SourceTitle "CBM 210 Extra"]
[Source "ChessBase"]
[SourceDate "2022.11.30"]
[SourceVersion "1"]
[SourceVersionDate "2022.11.30"]
[SourceQuality "1"]

1. d4 d5 2. c4 e6 3. Nf3 Nf6 4. Nc3 c6 5. Qd3 dxc4 6. Qxc4 b5 7. Qd3 a6 8. g4 Bb7 9. g5 Nd5 10. Nxd5 cxd5 11. h4 Nc6 12. a3 Rc8 13. Bg2 Bd6 14. h5 Qa5+ 15. Bd2 Bb4 16. 0-0 Bxd2 17. Nxd2 Qd8 18. Nf3 f6 19. Qe3 Qe7 20. Bh3 Nd8 21. Rfc1 Rxc1+ 22. Rxc1 0-0 23. h6 f5 24. hxg7 Qxg7 25. Kh2 Rf7 26. Qf4 Nc6 27. e3 Rd7 28. b4 a5 29. bxa5 Nxa5 30. Rc5 Nc4 31. Rxb5 Nd6 32. Rb6 Qe7 33. Ne5 Rc7 34. Nd3 Rc6 35. Rxc6 Bxc6 36. Nc5 Nf7 37. Qb8+ Kg7 38. Qc8 Qd6+ 39. f4 Nxg5 40. Bg2 Kf7 41. a4 Ne4 42. Bxe4 dxe4 43. Qh8 Kg6 44. Qg8+ Kf6 45. Qxh7 Qf8 46. a5 Qf7 47. Qxf7+ Kxf7 48. Kg3 Ke7 49. Kh4 1-0

[Event "Matinhos op 6th"]
[Site "Matinhos"]
[Date "2022.09.19"]
[Round "2.15"]
[White "Boabaid, Jorge Alberto Duard"]
[Black "Ribeiro, Gilnei Guedes"]
[Result "1-0"]
[WhiteElo "1780"]
[BlackElo "1387"]
[PlyCount "61"]
[EventDate "2022.09.18"]
[EventType "swiss"]
[EventRounds "7"]
[EventCountry "BRA"]
[SourceTitle "CBM 210 Extra"]
[Source "ChessBase"]
[SourceDate "2022.11.30"]
[SourceVersion "1"]
[SourceVersionDate "2022.11.30"]
[SourceQuality "1"]

1. d4 d5 2. Bf4 Nf6 3. e3 e6 4. Bd3 Bd6 5. Nd2 c5 6. Bxd6 Qxd6 7. c3 0-0 8. f4 b6 9. Ngf3 Bb7 10. 0-0 Ne4 11. Ng5 f5 12. Ndf3 Ba6 13. Bxa6 Nxa6 14. Ne5 Rf6 15. Qh5 Nxg5 16. fxg5 g6 17. Qh4 Rff8 18. Qh6 Rae8 19. Nxg6 Rf7 20. Ne5 Rg7 21. Rf3 Qc7 22. h4 Nb8 23. g6 hxg6 24. Nxg6 Rh7 25. Qg5 Rg7 26. h5 Qf7 27. Rg3 Nd7 28. h6 Rxg6 29. Qxg6+ Qxg6 30. Rxg6+ Kh7 31. Rg7+ 1-0

[Event "Niteroi op 2nd"]
[Site "Niteroi"]
[Date "2022.09.06"]
[Round "8"]
[White "Urquiza, Marcello de Albuque"]
[Black "Boabaid, Jorge Alberto Duard"]
[Result "1-0"]
[WhiteElo "2031"]
[BlackElo "1780"]
[PlyCount "81"]
[EventDate "2022.09.01"]
[EventType "swiss"]
[EventRounds "9"]
[EventCountry "BRA"]
[SourceTitle "EXT 2024"]
[Source "ChessBase"]
[SourceDate "2023.10.10"]
[SourceVersion "1"]
[SourceVersionDate "2023.10.10"]
[SourceQuality "1"]

1. e4 e5 2. Nf3 Nc6 3. Bb5 Nf6 4. 0-0 d6 5. Re1 Be7 6. c3 0-0 7. h3 Bd7 8. Qe2 a6 9. Ba4 b5 10. Bc2 Re8 11. d3 h6 12. Nbd2 Bf8 13. Nf1 g6 14. Ng3 Bg7 15. Be3 d5 16. Red1 Qc8 17. Rac1 Be6 18. Bb1 Qb7 19. Qd2 dxe4 20. Nxe4 Nxe4 21. dxe4 Rad8 22. Qe1 Kh7 23. Rxd8 Rxd8 24. Rd1 Qc8 25. Rd2 Rxd2 26. Qxd2 Qd7 27. Qxd7 Bxd7 28. Nd2 Na5 29. b4 Nb7 30. Bc2 Bf8 31. Bb3 Kg7 32. Kf1 c5 33. Bd5 Nd8 34. bxc5 Ne6 35. Nb3 Kf6 36. Bb7 Nc7 37. Ke2 Be6 38. f4 Bc4+ 39. Kf3 h5 40. fxe5+ Ke7 41. Bg5+ 1-0

[Event "Niteroi op 2nd"]
[Site "Niteroi"]
[Date "2022.09.03"]
[Round "4"]
[White "De Napole, Jo"]
[Black "Boabaid, Jorge Alberto Duard"]
[Result "0-1"]
[WhiteElo "1429"]
[BlackElo "1780"]
[PlyCount "48"]
[EventDate "2022.09.01"]
[EventType "swiss"]
[EventRounds "9"]
[EventCountry "BRA"]
[SourceTitle "CBM 210 Extra"]
[Source "ChessBase"]
[SourceDate "2022.11.30"]
[SourceVersion "1"]
[SourceVersionDate "2022.11.30"]
[SourceQuality "1"]

1. e4 e5 2. Nf3 Nc6 3. Bc4 Nf6 4. d3 Bc5 5. c3 d6 6. 0-0 0-0 7. h3 Ne7 8. d4 exd4 9. cxd4 Bb6 10. Nc3 c6 11. e5 Nfd5 12. Bg5 h6 13. Nxd5 cxd5 14. Bxe7 Qxe7 15. Bxd5 dxe5 16. Re1 Rd8 17. Rxe5 Qf6 18. Qe2 Bf5 19. g4 Bg6 20. h4 Bc7 21. g5 Qf4 22. Re7 Rxd5 23. Qc4 Qxf3 24. Qxc7 Be4 0-1

[Event "Pan American-ch Seniors 65"]
[Site "Florianopolis"]
[Date "2022.06.23"]
[Round "5"]
[White "Baeta, Marcio Netto"]
[Black "Boabaid, Jorge Alberto Duard"]
[Result "0-1"]
[WhiteElo "1840"]
[BlackElo "1733"]
[PlyCount "84"]
[EventDate "2022.06.21"]
[EventType "swiss"]
[EventRounds "9"]
[EventCountry "BRA"]
[SourceTitle "CBM 209 Extra"]
[Source "ChessBase"]
[SourceDate "2022.09.30"]
[SourceVersion "1"]
[SourceVersionDate "2022.09.30"]
[SourceQuality "1"]

1. e4 e5 2. Nf3 Nc6 3. Bb5 a6 4. Bxc6 dxc6 5. Nc3 Bc5 6. Nxe5 Nf6 7. Nf3 Bg4 8. h3 Bh5 9. e5 Nd5 10. g4 Bg6 11. d4 Nxc3 12. bxc3 Be7 13. Qe2 Qd5 14. Rg1 h5 15. Bg5 hxg4 16. hxg4 Ba3 17. Nh4 Bb2 18. Nxg6 Bxc3+ 19. Bd2 Rh1 20. 0-0-0 Bxd2+ 21. Qxd2 Rxg1 22. Rxg1 fxg6 23. Qg5 Kf7 24. Qf4+ Kg8 25. g5 Rf8 26. Qh4 Qxa2 27. Rh1 Rf3 28. Kd2 Qc4 29. Re1 Qe6 30. Rh1 Qf5 31. Rh2 Kf7 32. Qh8 Rxf2+ 33. Rxf2 Qxf2+ 34. Kc3 Qf3+ 35. Kd2 Qf4+ 36. Kd3 Qf5+ 37. Kc3 Qxg5 38. e6+ Kxe6 39. Qxg7 c5 40. d5+ Kd6 41. Qg8 Qe5+ 42. Kc4 b5+ 0-1

[Event "Florianopolis Autumn op U2300"]
[Site "Florianopolis"]
[Date "2022.05.15"]
[Round "6"]
[White "Cezar, Ricardo de Almeida"]
[Black "Boabaid, Jorge Alberto Duard"]
[Result "1-0"]
[WhiteElo "1782"]
[BlackElo "1753"]
[PlyCount "92"]
[EventDate "2022.05.13"]
[EventType "swiss"]
[EventRounds "6"]
[EventCountry "BRA"]
[SourceTitle "CBM 208 Extra"]
[Source "ChessBase"]
[SourceDate "2022.07.31"]
[SourceVersion "1"]
[SourceVersionDate "2022.07.31"]
[SourceQuality "1"]

1. d4 Nf6 2. c4 e6 3. Nc3 d5 4. cxd5 exd5 5. Bg5 Nbd7 6. e3 h6 7. Bf4 Bb4 8. Bd3 Nb6 9. h3 0-0 10. Nf3 Ne4 11. Qc2 Bxc3+ 12. bxc3 Bf5 13. Rb1 Rc8 14. Nd2 Re8 15. 0-0 Qh4 16. Nxe4 dxe4 17. Be2 Re6 18. Rb5 Qf6 19. c4 c6 20. Ra5 Ra8 21. Rb1 Ree8 22. Bg3 Bg6 23. c5 Nd5 24. Rxb7 Re7 25. Qb2 Rxb7 26. Qxb7 Qd8 27. Qxc6 Rc8 28. Qa6 Bf5 29. Qxa7 Qg5 30. h4 Qg6 31. Ra6 Be6 32. Bc4 Nxe3 33. Bxe6 fxe6 34. Qd7 Rb8 35. Qxe6+ Qxe6 36. Rxe6 Rb1+ 37. Kh2 Ng4+ 38. Kh3 h5 39. Bd6 Nxf2+ 40. Kg3 Rf1 41. Re8+ Kh7 42. c6 Nh1+ 43. Kh2 Nf2 44. c7 Rc1 45. c8Q Ng4+ 46. Qxg4 hxg4 1-0